000 00408nam a22001697a 4500
003 MPLRDC
005 20220104162953.0
008 210129b ||||| |||| 00| 0 eng d
020 _a0-946771-47-2
082 _a997.16 LAU
100 _aANDRE LAUNAY
245 _aANYONE FOR CHESS?
_c
260 _a
_bSPELLMOUNT LTD.
_c1986
300 _b
650 _a智力游戏--棋艺
942 _cBK
_o997.16 LAU
999 _c56231
_d56221